000 00832nam a2200241 a 4500
005 20240924070916.0
008 030217s1999 es r 000 0 spa d
020 _a8449310954
035 _aUPN01000121979
049 _aCG
050 4 _aLB1050.5
_bD5.68
245 0 0 _aDislexia y dificultades de lectura :
_buna guía para maestros /
_cJagannath P. Das ... [et al.] ; tr. Carme Timoneda Gallart.
260 _aBarcelona, Esp. :
_bPaidós,
_cc1999.
300 _a239 p. :
_bil.
440 0 _aPaidós educador ;
_v161
590 _a(También localizas un ejemplar en el "Area de Reserva")
590 _aBibliografía Básica (BGTQ)
534 _pTraducción de:
_tDislexia and reading difficulties
650 2 _aDislexia
_97896
650 4 _aLectura
_913351
700 1 _aDas, Jagannath Prasad,
_ecoaut.
_937104
905 _aLibro
999 _c94185
_d94185